000
00318nam a2200121Ia 4500
008
230303s9999 xx 000 0 und d
041
_a
eng
082
_a
621.381 TAU
100
_a
TAUB (HERBERT) SCHILLING (DONALD)
245
_a
Digital Integrated Electronics
260
_a
NEW YORK
_b
Mc Graw Hill Book
365
_c
RS
999
_c
177789
_d
177789